Matrix and linear algebra (Record no. 359)

MARC details
000 -LEADER
fixed length control field 00558 a2200181 4500
001 - CONTROL NUMBER
control field 066181
003 - CONTROL NUMBER IDENTIFIER
control field OSt
005 - DATE AND TIME OF LATEST TRANSACTION
control field 20210915150938.0
008 - FIXED-LENGTH DATA ELEMENTS--GENERAL INFORMATION
fixed length control field
082 ## - DEWEY DECIMAL CLASSIFICATION NUMBER
Classification number 512.9434
Item number D26M
100 1# - MAIN ENTRY--PERSONAL NAME
Personal name Datta, Kanti Bhushan
245 1# - TITLE STATEMENT
Title Matrix and linear algebra
Statement of responsibility, etc by Kanti Bhushan Datta
250 ## - EDITION STATEMENT
Edition statement 2nd ed.
260 ## - PUBLICATION, DISTRIBUTION, ETC. (IMPRINT)
Place of publication, distribution, etc New Delhi
Name of publisher, distributor, etc PHI
Date of publication, distribution, etc 2008
300 ## - PHYSICAL DESCRIPTION
Extent 619p.
690 ## - LOCAL SUBJECT ADDED ENTRY--TOPICAL TERM (OCLC, RLIN)
Topical term or geographic name as entry element Matrices; Trigonometry; Vector algebra; Equations, Quadratic; Integral operators; Inverse problems (Differential equations); Algebra
942 ## - ADDED ENTRY ELEMENTS (KOHA)
Source of classification or shelving scheme Dewey Decimal Classification
Koha item type Books
Holdings
Withdrawn status Lost status Damaged status Not for loan Collection code Home library Current library Date acquired Source of acquisition Cost, normal purchase price Total Checkouts Full call number Barcode Date last seen Date checked out Price effective from Koha item type
        General Text Book Central University Of Rajasthan Central University Of Rajasthan 07/03/2012 MTH 350.00 5 512.9434 D26M 467 16/12/2025 11/12/2025 02/09/2020 Books
        General Text Book Central University Of Rajasthan Central University Of Rajasthan 07/03/2012 MTH 350.00 6 512.9434 D26M 468 18/08/2025 05/08/2025 02/09/2020 Books
        General Text Book Central University Of Rajasthan Central University Of Rajasthan 07/03/2012 MTH 350.00 2 512.9434 D26M 469 21/11/2024 18/08/2023 02/09/2020 Books